D. Hovorka, J. Spišiak: Vulkanizmus mezozoika Západných Karpát.

Bibliographic Details
Main Author: Rozložník, Ladislav, 1930-1990 (Author)
Format: Article
Language:Slovak

MARC

LEADER 00000nab a2200000uu 4500
001 vtls010890522
003 SK-MaSNL
005 20260303145256.0
008 230222|1988 xo |||||||||||||||||slo|
015 |a SNBRB 
035 |a (urnnbn)urn:nbn:sk:snk:ar-005jnl 
035 |a (uuid)ddd8a984-e701-4dea-a952-3ddbd6cf0cd8 
035 |a urn:nbn:sk:snk-ab8kj2 
040 |a SNKBUCL  |b slo  |c SNKBUCL  |e AACR2 
041 0 |a slo 
044 |a xo  |c SK 
100 1 |a Rozložník, Ladislav,  |d 1930-1990  |4 aut  |9 37971 
245 1 0 |a D. Hovorka, J. Spišiak: Vulkanizmus mezozoika Západných Karpát.  |c Ladislav Rozložník 
773 0 |t Mineralia Slovaca : časopis pre regionálnu a environmentálnu geológiu a aktivity Slovenskej geologickej spoločnosti a geologických asociácií  |g Roč. 20, č. 5 (1988), s. 472-473 
954 |a odborná, vedecká literatúra pôvodná (slovenská)  |2 lita 
958 |a OND 
958 |a EUIPO 
958 |a article10 
999 |c 2001920  |d 2003850